[Event "2014 WBX Team Tournament"]
[Site "Edmonton"]
[Date "2014.12.13"]
[Round "3.2"]
[White "Ludwig, Michael"]
[Black "Porter, Patrick"]
[Result "1/2-1/2"]
[WhiteElo "1592"]
[BlackElo "1826"]
[PlyCount "94"]
[EventDate "2014.12.13"]
[EventType "team-swiss"]
[EventRounds "5"]
[EventCountry "CAN"]

1. d4 Nf6 2. c4 e6 3. Nf3 Bb4+ 4. Bd2 Qe7 5. a3 Bxd2+ 6. Nbxd2 c5 7. dxc5 Qxc5
8. b4 Qc7 9. Rc1 Nc6 10. e3 a5 11. b5 Nd8 12. Bd3 b6 13. Ne4 Nxe4 14. Bxe4 Bb7
15. Qd4 Bxe4 16. Qxe4 Nb7 17. O-O Rc8 18. Rfd1 Nc5 19. Qd4 O-O 20. Qd6 Qb7 21.
Ne5 Rc7 22. f3 f6 23. Nd3 Rf7 24. Nxc5 Rxc5 25. Kf2 a4 26. h3 Qc8 27. Qxb6 d5
28. Qa5 Rxc4 29. Rxc4 Qxc4 30. Rd4 Qa2+ 31. Kg3 Qxa3 32. Rxa4 Qxe3 33. b6 Qe5+
34. Kf2 Qb8 35. Qa8 Rb7 36. Ra6 h6 37. Qxb8+ Rxb8 38. b7 Kf7 39. Rb6 Ke7 40. f4
Kd7 41. Ke3 Kc7 42. Rxe6 Rxb7 43. Kd4 Kd7 44. Ra6 Ke7 45. Kxd5 Rd7+ 46. Ke4 Kf7
47. Ra3 Rb7 1/2-1/2

[Event "2014 WBX Team Tournament"]
[Site "Edmonton"]
[Date "2014.12.13"]
[Round "3.3"]
[White "Dean, Tim"]
[Black "Hughey, Micah"]
[Result "0-1"]
[WhiteElo "1958"]
[BlackElo "2212"]
[PlyCount "162"]
[EventDate "2014.12.13"]
[EventType "team-swiss"]
[EventRounds "5"]
[EventCountry "CAN"]

1. e4 e5 2. Nf3 Nc6 3. Bb5 Nf6 4. d3 Bc5 5. O-O d6 6. c3 Bd7 7. h3 O-O 8. Re1
a6 9. Ba4 Re8 10. Nbd2 b5 11. Bc2 d5 12. Nb3 Ba7 13. Bg5 dxe4 14. dxe4 Be6 15.
Nbd2 h6 16. Bh4 Qe7 17. Qe2 Red8 18. b4 Rab8 19. a4 g5 20. Nxg5 hxg5 21. Bxg5
Kg7 22. Qf3 Rh8 23. axb5 axb5 24. Nf1 Bb6 25. Ng3 Rbg8 26. Bb3 Kg6 27. Nf5 Bxf5
28. Qxf5+ Kg7 29. Rad1 Rd8 30. Bd5 Rd6 31. Rd3 Nb8 32. Rf3 Nbd7 33. Rg3 Kf8 34.
Ra1 c6 35. Ra8+ Bd8 36. Bxc6 Rxc6 37. Rd3 Kg7 38. Rg3 Kf8 39. Rd3 Kg7 40. Ra7
Rd6 41. Rxd7 Rxd7 42. Rxd7 Qe8 43. Rd6 Qe7 44. Rd7 Qe8 45. Rb7 Qc6 46. Rb8 Be7
47. Bxf6+ Qxf6 48. Qxf6+ Bxf6 49. Rxb5 Rc8 50. Rc5 Rxc5 51. bxc5 Kf8 52. Kf1
Ke7 53. Ke2 Kd7 54. Kd3 Kc6 55. Kc4 Be7 56. g3 Bxc5 57. f4 Bf2 58. fxe5 Bxg3
59. Kd4 Bh4 60. Ke3 Kd7 61. Kf4 Ke6 62. c4 Bf2 63. Kf3 Bd4 64. h4 Bxe5 65. Kg4
Bd4 66. Kf4 Kf6 67. h5 Be5+ 68. Kg4 Bd6 69. h6 Kg6 70. h7 Kxh7 71. Kf5 Kg7 72.
e5 Bb4 73. e6 f6 74. Kf4 Kf8 75. Ke4 Ke7 76. Kd5 Ba3 77. c5 Bxc5 78. Kxc5 Kxe6
79. Kd4 Kf5 80. Ke3 Kg4 81. Kf2 Kf4 0-1

[Event "2014 WBX Team Tournament"]
[Site "Edmonton"]
[Date "2014.12.13"]
[Round "3.3"]
[White "Pechenkin, Vladimir"]
[Black "Haynes, Nicolas"]
[Result "1/2-1/2"]
[WhiteElo "2302"]
[BlackElo "2166"]
[PlyCount "62"]
[EventDate "2014.12.13"]
[EventType "team-swiss"]
[EventRounds "5"]
[EventCountry "CAN"]

1. c4 Nf6 2. g3 e6 3. Bg2 d5 4. Nf3 Be7 5. O-O O-O 6. d4 dxc4 7. Qc2 a6 8. Qxc4
b5 9. Qc2 Bb7 10. Bd2 Nbd7 11. Ba5 Nb6 12. Nbd2 Rc8 13. b4 Nfd7 14. e3 g6 15.
Rac1 Bd6 16. a3 Qe7 17. Rfd1 Rfe8 18. h4 Ba8 19. e4 e5 20. dxe5 Bxe5 21. Nxe5
Qxe5 22. Bh3 f5 23. Qb3+ Kg7 24. Qc3 Na4 25. Qxe5+ Nxe5 26. exf5 Nb2 27. f6+
Kxf6 28. Bxc8 Rxc8 29. f4 Ned3 30. Rf1 Nxc1 31. Rxc1 Bd5 1/2-1/2

[Event "2014 WBX Team Tournament"]
[Site "Edmonton"]
[Date "2014.12.13"]
[Round "3.4"]
[White "Briones, Dante"]
[Black "Seehagen, Terry"]
[Result "1/2-1/2"]
[WhiteElo "1936"]
[BlackElo "1836"]
[PlyCount "60"]
[EventDate "2014.12.13"]
[EventType "team-swiss"]
[EventRounds "5"]
[EventCountry "CAN"]

1. Nf3 f5 2. b3 e6 3. Bb2 Nf6 4. h4 b6 5. d3 Bb7 6. Nbd2 Nc6 7. e3 Be7 8. Qe2
O-O 9. O-O-O a5 10. Rg1 Ng4 11. g3 a4 12. Bh3 axb3 13. axb3 Ba3 14. Bxa3 Rxa3
15. Kb2 Ra7 16. Ra1 Ba6 17. Rgd1 Qf6+ 18. c3 Rfa8 19. Ne1 Nge5 20. f4 Nf7 21.
Qf2 b5 22. d4 d5 23. b4 Nd6 24. Nd3 Ne7 25. Bg2 Nec8 26. Qe1 Nb6 27. Ne5 Na4+
28. Kc2 Bb7 29. Rdb1 Qe7 30. Nd3 Qf6 1/2-1/2

[Event "2014 WBX Team Tournament"]
[Site "Edmonton"]
[Date "2014.12.13"]
[Round "3.4"]
[White "Cheng, Louis"]
[Black "Beaudry, Lukas"]
[Result "1-0"]
[WhiteElo "1991"]
[BlackElo "2066"]
[PlyCount "79"]
[EventDate "2014.12.13"]
[EventType "team-swiss"]
[EventRounds "5"]
[EventCountry "CAN"]

1. d4 Nf6 2. c4 g6 3. Nc3 Bg7 4. e4 d6 5. f4 c5 6. Nf3 cxd4 7. Nxd4 O-O 8. Be2
Nbd7 9. Be3 a6 10. Nb3 b6 11. O-O Bb7 12. Bf3 Rc8 13. Qe2 Qc7 14. Rac1 Qxc4 15.
Qxc4 Rxc4 16. e5 dxe5 17. Bxb7 exf4 18. Bxf4 a5 19. Nd5 Rxc1 20. Nxe7+ Kh8 21.
Rxc1 Nh5 22. Be3 Bxb2 23. Rc7 Rd8 24. Bf3 a4 25. Nc1 Nc5 26. Nd5 Re8 27. Kf2
Bxc1 28. Bd4+ Ng7 29. Rxf7 Bh6 30. Nxb6 Nce6 31. Bf6 Kg8 32. Ra7 Nf5 33. Nd5
Nc5 34. Bc3 Bg5 35. Nf6+ Bxf6 36. Bd5+ Ne6 37. Bxf6 h5 38. h3 Kf8 39. Rh7 Kg8
40. Rh8+ 1-0

[Event "2014 WBX Team Tournament"]
[Site "Edmonton"]
[Date "2014.12.13"]
[Round "3.4"]
[White "Ivanescu, Christian"]
[Black "Kadavil, Suresh"]
[Result "1/2-1/2"]
[WhiteElo "1751"]
[BlackElo "1628"]
[PlyCount "95"]
[EventDate "2014.12.13"]
[EventType "team-swiss"]
[EventRounds "5"]
[EventCountry "CAN"]

1. e4 b6 2. d4 Bb7 3. Nc3 e6 4. Nf3 Bb4 5. Bd2 Bxc3 6. Bxc3 Bxe4 7. d5 Nf6 8.
dxe6 fxe6 9. Be2 O-O 10. Qd2 c5 11. O-O d5 12. Bxf6 Qxf6 13. c3 Nd7 14. Ng5 Bf5
15. Rae1 Ne5 16. Nf3 Nxf3+ 17. Bxf3 Qg6 18. Kh1 Rf6 19. c4 Bd3 20. cxd5 Bxf1
21. dxe6 Rxf3 22. Rxf1 Rf6 23. Qd5 Re8 24. e7+ Kh8 25. Re1 Qf7 26. Qd7 Rxf2 27.
Kg1 Rxb2 28. Rf1 Rb1 29. Rxb1 Qxe7 30. Qd1 Qe3+ 31. Kh1 Qe2 32. Qc1 c4 33. h3
h6 34. Qa3 Re7 35. Qb4 Qe5 36. Qxc4 Qc5 37. Qf1 Rc7 38. Re1 a5 39. Re8+ Kh7 40.
Qd3+ g6 41. Kh2 b5 42. Qd8 h5 43. Rh8+ Kg7 44. Rg8+ Kh7 45. Rh8+ Kg7 46. Rg8+
Kh6 47. Rh8+ Kg7 48. Rg8+ 1/2-1/2

[Event "2014 WBX Team Tournament"]
[Site "Edmonton"]
[Date "2014.12.14"]
[Round "4.1"]
[White "Arruebarrena, Rafael"]
[Black "Gardner, Robert"]
[Result "1/2-1/2"]
[WhiteElo "2233"]
[BlackElo "2101"]
[PlyCount "122"]
[EventDate "2014.12.13"]
[EventType "team-swiss"]
[EventRounds "5"]
[EventCountry "CAN"]

1. e4 g6 2. d4 Bg7 3. Nc3 c6 4. Nf3 d6 5. Be2 Nf6 6. O-O O-O 7. h3 b5 8. a3 Qc7
9. Bf4 Nbd7 10. Qd2 Rd8 11. Bh2 e5 12. Rfd1 Bb7 13. d5 Nc5 14. dxc6 Bxc6 15.
Nxb5 Bxb5 16. Bxb5 Rab8 17. a4 a6 18. Bd3 Rxb2 19. Qc3 Qb7 20. Nd2 Rb4 21. Rdb1
Rb8 22. Qxb4 Qxb4 23. Rxb4 Rxb4 24. f3 Nxd3 25. cxd3 Nd7 26. Rb1 Rxb1+ 27. Nxb1
Nc5 28. Nc3 Nxd3 29. Kf1 f5 30. Ke2 Nb4 31. Bg1 Kf7 32. Bb6 Ke6 33. Ba5 Nc6 34.
Bb6 Bf6 35. Nd5 Bd8 36. Bxd8 Nxd8 37. Nc7+ Kd7 38. Nxa6 fxe4 39. fxe4 Ne6 40.
Ke3 Nf4 41. Kf3 Kc6 42. Nb4+ Kc5 43. Nc2 Ne6 44. Ne3 Ng5+ 45. Ke2 Nxe4 46. Kd3
Nf6 47. a5 d5 48. a6 e4+ 49. Kd2 Ne8 50. a7 Nc7 51. Ng4 Kb6 52. Nf6 Kxa7 53.
Nxh7 Kb6 54. Nf8 g5 55. Ke3 Kc5 56. Nh7 Ne6 57. Nf6 Kd6 58. Nxe4+ dxe4 59. Kxe4
Ng7 60. g3 Ke6 61. h4 gxh4 1/2-1/2

[Event "2014 WBX Team Tournament"]
[Site "Edmonton"]
[Date "2014.12.14"]
[Round "4.1"]
[White "Koperski, Dustin"]
[Black "Ludwig, Michael"]
[Result "1/2-1/2"]
[WhiteElo "1565"]
[BlackElo "1592"]
[PlyCount "49"]
[EventDate "2014.12.13"]
[EventType "team-swiss"]
[EventRounds "5"]
[EventCountry "CAN"]

1. e4 e5 2. Nf3 Nf6 3. Nxe5 d6 4. Nf3 Nxe4 5. Nc3 Nf6 6. d4 Bg4 7. Be2 d5 8.
Be3 Bb4 9. O-O O-O 10. Bg5 c6 11. Ne5 Bxe2 12. Nxe2 Qd6 13. Bf4 Qe6 14. c3 Bd6
15. Re1 Bxe5 16. Bxe5 Nbd7 17. Bxf6 Nxf6 18. Ng3 Qd7 19. Qd2 Rfe8 20. Rxe8+
Rxe8 21. Re1 Rxe1+ 22. Qxe1 Qe6 23. Kf1 Ng4 24. Qxe6 fxe6 25. h3 1/2-1/2

[Event "2014 WBX Team Tournament"]
[Site "Edmonton"]
[Date "2014.12.14"]
[Round "4.1"]
[White "Ludwig, David"]
[Black "Zeggelaar, Mike"]
[Result "1-0"]
[WhiteElo "1808"]
[BlackElo "1924"]
[PlyCount "97"]
[EventDate "2014.12.13"]
[EventType "team-swiss"]
[EventRounds "5"]
[EventCountry "CAN"]

1. b3 d5 2. Bb2 Nf6 3. e3 Bf5 4. Nf3 h6 5. Be2 e6 6. O-O Bd6 7. c4 c6 8. Nc3
O-O 9. cxd5 exd5 10. d3 Bc7 11. Ba3 Re8 12. Rc1 Nbd7 13. Na4 Rc8 14. Nc5 Nxc5
15. Bxc5 b6 16. Nd4 Bd7 17. Ba3 c5 18. Nf3 Bg4 19. Nd2 Qd6 20. g3 Bh3 21. Re1
Qe6 22. Bf1 Bxf1 23. Nxf1 Nh7 24. Qf3 Ng5 25. Qg2 Qf5 26. f4 Nh7 27. e4 dxe4
28. dxe4 Qd7 29. Rcd1 Qc6 30. e5 Qxg2+ 31. Kxg2 Red8 32. Ne3 Rxd1 33. Rxd1 Rd8
34. Rxd8+ Bxd8 35. b4 cxb4 36. Bxb4 Nf8 37. Kf3 Nd7 38. Ke4 a5 39. Bd6 b5 40.
Kd5 Nb6+ 41. Kc5 b4 42. Kb5 h5 43. f5 Nc8 44. Bc5 Kh7 45. Nd5 g6 46. e6 gxf5
47. e7 Nxe7 48. Bxe7 Bxe7 49. Nxe7 1-0

[Event "2014 WBX Team Tournament"]
[Site "Edmonton"]
[Date "2014.12.14"]
[Round "4.2"]
[White "Dean, Tim"]
[Black "Wang, Kaixin"]
[Result "1/2-1/2"]
[WhiteElo "1958"]
[BlackElo "1814"]
[PlyCount "83"]
[EventDate "2014.12.13"]
[EventType "team-swiss"]
[EventRounds "5"]
[EventCountry "CAN"]

1. e4 c6 2. d4 d5 3. Nc3 dxe4 4. Nxe4 Nf6 5. Ng5 h6 6. N5f3 Bf5 7. Bd3 Bxd3 8.
Qxd3 Nbd7 9. Ne2 e6 10. O-O Bd6 11. Bf4 Bxf4 12. Nxf4 O-O 13. c4 Qc7 14. Qe3
Rfe8 15. Ne5 Nxe5 16. Qxe5 Qxe5 17. dxe5 Nd7 18. Rfe1 Nb6 19. b3 Rad8 20. Rad1
Nd7 21. h3 Nb6 22. Nh5 Rd7 23. Rxd7 Nxd7 24. f4 g6 25. Ng3 f5 26. exf6 Nxf6 27.
Kf2 Kf7 28. Rd1 Ke7 29. Ke3 c5 30. Ne4 b6 31. Nxf6 Kxf6 32. Rd7 Re7 33. Rxe7
Kxe7 34. Ke4 Kf6 35. h4 h5 36. g3 a6 37. a3 a5 38. a4 Kf7 39. Kf3 Kf6 40. g4
Kf7 41. g5 Ke7 42. Ke4 1/2-1/2

[Event "2014 WBX Team Tournament"]
[Site "Edmonton"]
[Date "2014.12.14"]
[Round "4.3"]
[White "Nguyen, Kim"]
[Black "Cheng, Louis"]
[Result "1-0"]
[WhiteElo "2060"]
[BlackElo "1991"]
[PlyCount "65"]
[EventDate "2014.12.13"]
[EventType "team-swiss"]
[EventRounds "5"]
[EventCountry "CAN"]

1. e4 Nf6 2. e5 Nd5 3. d4 d6 4. c4 Nb6 5. exd6 exd6 6. Nc3 Qe7+ 7. Qe2 Bg4 8.
f3 Bf5 9. Bg5 f6 10. Be3 c6 11. Kf2 N8d7 12. b3 Kf7 13. g4 Bg6 14. Nh3 Kg8 15.
Qd2 f5 16. g5 h6 17. Re1 Re8 18. Bd3 Qf7 19. Bf4 Be7 20. Reg1 h5 21. a4 c5 22.
Be3 cxd4 23. Bxd4 Nc5 24. Bc2 a5 25. Nf4 Kh7 26. h4 Nbd7 27. Ncd5 Ne5 28. Qxa5
Nc6 29. Qd2 Nxd4 30. Qxd4 Ne6 31. Nxe6 Qxe6 32. Nc7 Bf6 33. Nxe6 1-0

[Event "2014 WBX Team Tournament"]
[Site "Edmonton"]
[Date "2014.12.14"]
[Round "4.3"]
[White "Porter, Patrick"]
[Black "Ivanescu, Christian"]
[Result "1-0"]
[WhiteElo "1826"]
[BlackElo "1751"]
[PlyCount "91"]
[EventDate "2014.12.13"]
[EventType "team-swiss"]
[EventRounds "5"]
[EventCountry "CAN"]

1. e4 e5 2. Nf3 Nc6 3. Bb5 a6 4. Ba4 Bc5 5. c3 Qf6 6. d3 d6 7. Be3 Bxe3 8. fxe3
b5 9. Bb3 Qg6 10. O-O Na5 11. Bc2 Nf6 12. Nbd2 h5 13. a4 Nb7 14. axb5 a5 15. b4
Qh6 16. Qe2 Bd7 17. d4 Ng4 18. Nc4 O-O 19. h3 Nf6 20. Nxa5 Nxa5 21. bxa5 Qg6
22. Nh4 Qg5 23. Nf5 Rfb8 24. c4 exd4 25. exd4 Re8 26. Qd3 Rxe4 27. Qf3 Ree8 28.
Ne7+ Kh8 29. Bf5 Bxf5 30. Nxf5 Qd2 31. a6 g6 32. Rfd1 Qc2 33. Nxd6 cxd6 34.
Qxf6+ Kg8 35. Rac1 Qb2 36. Rf1 Ra7 37. Rce1 Rxe1 38. Rxe1 Ra8 39. Qxd6 Qc3 40.
Re7 Qxc4 41. Qc5 Qa2 42. a7 Rd8 43. Qe5 Kf8 44. Rb7 Qa1+ 45. Kh2 Qxd4 46. Qxd4
1-0

[Event "2014 WBX Team Tournament"]
[Site "Edmonton"]
[Date "2014.12.14"]
[Round "4.3"]
[White "Seehagen, Terry"]
[Black "Brazeau, Robert"]
[Result "1/2-1/2"]
[WhiteElo "1836"]
[BlackElo "1849"]
[PlyCount "71"]
[EventDate "2014.12.13"]
[EventType "team-swiss"]
[EventRounds "5"]
[EventCountry "CAN"]

1. e4 e6 2. b3 d5 3. Bb2 dxe4 4. Nc3 Nf6 5. g4 h6 6. Bg2 Bd7 7. Qe2 Bc6 8.
O-O-O Nbd7 9. Nh3 Nc5 10. d4 exd3 11. Bxc6+ bxc6 12. Qf3 Nd5 13. Ne4 Nxe4 14.
Qxe4 dxc2 15. Qxc2 Qd7 16. f4 f6 17. Rhe1 Bd6 18. Qg6+ Kd8 19. Qe4 Rb8 20. Qa4
Bc5 21. Qe4 Re8 22. Qg6 Kc8 23. g5 hxg5 24. fxg5 Rh8 25. gxf6 gxf6 26. Ng5 Qe8
27. Qxe8+ Rxe8 28. Ne4 Be3+ 29. Kb1 f5 30. Ng3 Bf2 31. Re2 Bxg3 32. hxg3 Rg8
33. Rxe6 Rxg3 34. Rxc6 Kb7 35. Rcc1 Nb6 36. Be5 1/2-1/2

[Event "2014 WBX Team Tournament"]
[Site "Edmonton"]
[Date "2014.12.14"]
[Round "4.4"]
[White "Beaudry, Lukas"]
[Black "Pechenkin, Vladimir"]
[Result "0-1"]
[WhiteElo "2066"]
[BlackElo "2302"]
[PlyCount "108"]
[EventDate "2014.12.13"]
[EventType "team-swiss"]
[EventRounds "5"]
[EventCountry "CAN"]

1. e4 e6 2. d4 d5 3. e5 c5 4. c3 Nc6 5. Nf3 Bd7 6. a3 f6 7. exf6 Nxf6 8. Be2
cxd4 9. cxd4 Bd6 10. Nc3 O-O 11. Bg5 Be8 12. Bd3 h6 13. h4 Bh5 14. Nb5 Bb8 15.
Qe2 Bg4 16. Be3 a6 17. Nc3 Ba7 18. Qd2 Bxf3 19. gxf3 Nxd4 20. Bxd4 Bxd4 21. Rg1
Kh8 22. Rg6 Ng8 23. Bc2 Qxh4 24. O-O-O Bxc3 25. Qxc3 Qf4+ 26. Kb1 Rf6 27. Rg3
Ne7 28. Rdg1 Rg8 29. Qd3 Nf5 30. Rg4 Qe5 31. Qd2 b5 32. Re1 Qd6 33. f4 Rc8 34.
Qd3 Rc7 35. Qh3 Qc5 36. Bd3 Qxf2 37. Re2 Qd4 38. Bc2 b4 39. a4 Qc4 40. Rgg2 Nd4
41. Qh5 Nxc2 42. Qe8+ Kh7 43. Rxc2 Qf1+ 44. Ka2 b3+ 45. Kxb3 Qd3+ 46. Rc3 Rxc3+
47. bxc3 Qe4 48. Rd2 Qxf4 49. Rd4 Qf1 50. Kb4 Qb1+ 51. Ka5 Qb3 52. Qc8 Rf3 53.
Qc6 Qxc3+ 54. Qxc3 Rxc3 0-1

[Event "2014 WBX Team Tournament"]
[Site "Edmonton"]
[Date "2014.12.14"]
[Round "4.4"]
[White "Hughey, Micah"]
[Black "Briones, Dante"]
[Result "1-0"]
[WhiteElo "2212"]
[BlackElo "1936"]
[PlyCount "107"]
[EventDate "2014.12.13"]
[EventType "team-swiss"]
[EventRounds "5"]
[EventCountry "CAN"]

1. e4 e6 2. d4 d5 3. Nc3 dxe4 4. Nxe4 Nf6 5. Nxf6+ Qxf6 6. Nf3 h6 7. Bd3 a6 8.
O-O c5 9. Be3 Nd7 10. Re1 Be7 11. Qd2 O-O 12. Qc3 b5 13. Ne5 b4 14. Qd2 Nxe5
15. dxe5 Qh4 16. a3 Rd8 17. Qe2 bxa3 18. bxa3 Bb7 19. Rab1 Bd5 20. c4 Bc6 21.
Rb6 Rdc8 22. g3 Qh3 23. Rxc6 Rxc6 24. Be4 Rac8 25. Bxc6 Rxc6 26. Qf3 Rc8 27.
Qb7 Re8 28. Rd1 Qf5 29. Rd7 Bf8 30. f4 f6 31. exf6 Qxf6 32. Qxa6 Qa1+ 33. Kg2
Qb2+ 34. Rd2 Qc3 35. Re2 Qd3 36. Re1 Qe4+ 37. Kg1 Ra8 38. Qb5 Rxa3 39. Bf2 Qf3
40. Qe8 Ra2 41. Qxe6+ Kh8 42. Qe3 Qb7 43. Qe4 Qb2 44. Qf3 Ra3 45. Qd5 Ra2 46.
Qf3 Ra3 47. Qd5 Ra2 48. Qg2 Kg8 49. Qd5+ Kh7 50. Qf3 Kh8 51. Re8 Kg8 52. Qd5+
Kh7 53. Qf5+ g6 54. Qf7+ 1-0

[Event "2014 WBX Team Tournament"]
[Site "Edmonton"]
[Date "2014.12.14"]
[Round "4.4"]
[White "Kadavil, Suresh"]
[Black "Ivanescu, Mark"]
[Result "1/2-1/2"]
[WhiteElo "1628"]
[BlackElo "1243"]
[PlyCount "58"]
[EventDate "2014.12.13"]
[EventType "team-swiss"]
[EventRounds "5"]
[EventCountry "CAN"]

1. a3 e5 2. Nc3 Nf6 3. e4 c6 4. Nf3 d6 5. Be2 Be7 6. d4 Nbd7 7. d5 cxd5 8. exd5
b6 9. Be3 Bb7 10. Bc4 Qc7 11. Bb3 Nc5 12. Ba2 O-O 13. O-O Rfe8 14. b4 Nce4 15.
Nxe4 Nxe4 16. Bb3 a5 17. c4 a4 18. Bxa4 Nc3 19. Qc2 Nxa4 20. Rfc1 Rec8 21. Ng5
Bxg5 22. Bxg5 b5 23. c5 dxc5 24. bxc5 Qxc5 25. Qxc5 Rxc5 26. d6 Bc8 27. Rd1 Nb6
28. Be3 Rc6 29. Bxb6 Rxb6 1/2-1/2

[Event "2014 WBX Team Tournament"]
[Site "Edmonton"]
[Date "2014.12.14"]
[Round "5.1"]
[White "Brazeau, Robert"]
[Black "Wang, Kaixin"]
[Result "1/2-1/2"]
[WhiteElo "1849"]
[BlackElo "1814"]
[PlyCount "82"]
[EventDate "2014.12.13"]
[EventType "team-swiss"]
[EventRounds "5"]
[EventCountry "CAN"]

1. d4 Nf6 2. c4 c5 3. d5 e5 4. Nc3 d6 5. e4 Be7 6. Nf3 Nbd7 7. g3 O-O 8. Bg2
Ne8 9. O-O f5 10. exf5 Nb6 11. b3 Bxf5 12. Re1 Nf6 13. Nd2 Qd7 14. Nde4 Bh3 15.
Nxf6+ Bxf6 16. Ne4 Be7 17. Bg5 Bxg2 18. Kxg2 h6 19. Bxe7 Qxe7 20. Qg4 Rae8 21.
Rad1 Nd7 22. Qe6+ Qxe6 23. dxe6 Rxe6 24. Nxd6 b6 25. Re2 Nf6 26. Nb5 a5 27.
Rde1 e4 28. Re3 Ng4 29. R3e2 Ref6 30. Rf1 e3 31. f4 g5 32. h3 gxf4 33. gxf4 Ne5
34. Rxe3 Ng6 35. Rg3 Kh7 36. Nc3 Nxf4+ 37. Kh2 Nh5 38. Rxf6 Rxf6 39. Rg2 Rf3
40. Nd5 Nf4 41. Nxf4 Rxf4 1/2-1/2

[Event "2014 WBX Team Tournament"]
[Site "Edmonton"]
[Date "2014.12.14"]
[Round "5.1"]
[White "Mah, Sean"]
[Black "Porter, Patrick"]
[Result "0-1"]
[WhiteElo "1669"]
[BlackElo "1826"]
[PlyCount "84"]
[EventDate "2014.12.13"]
[EventType "team-swiss"]
[EventRounds "5"]
[EventCountry "CAN"]

1. e4 c5 2. Nf3 e6 3. d4 cxd4 4. Nxd4 a6 5. Nc3 Qc7 6. g3 Bb4 7. Bd2 Nc6 8.
Nde2 Nf6 9. Bg2 b5 10. f4 Bc5 11. e5 Ng4 12. Ne4 Be7 13. h3 Nh6 14. Be3 Nf5 15.
Bf2 d5 16. exd6 Nxd6 17. N2c3 Nxe4 18. Bxe4 Bb7 19. Qf3 Bf6 20. Rd1 Na5 21. Bd4
Bxd4 22. Rxd4 O-O 23. Bxb7 Nxb7 24. O-O Rad8 25. Rfd1 Rxd4 26. Rxd4 Nd6 27. Qd3
Nf5 28. Rd7 Qb6+ 29. Kg2 Ne3+ 30. Kf3 Nc4 31. b3 Qc6+ 32. Kf2 Na3 33. Rd6 Qh1
34. Rxa6 Nxc2 35. Qf1 Qb7 36. Qxb5 Qc7 37. Qc6 Qd8 38. Qe4 Qd2+ 39. Ne2 Qe1+
40. Kg2 Nd4 41. Rd6 Nxe2 42. Kf3 Ng1+ 0-1

[Event "2014 WBX Team Tournament"]
[Site "Edmonton"]
[Date "2014.12.14"]
[Round "5.1"]
[White "Miller, David"]
[Black "Nguyen, Kim"]
[Result "0-1"]
[WhiteElo "2045"]
[BlackElo "2066"]
[PlyCount "94"]
[EventDate "2014.12.13"]
[EventType "team-swiss"]
[EventRounds "5"]
[EventCountry "CAN"]

1. e4 d5 2. exd5 Qxd5 3. Nc3 Qd6 4. d4 Nf6 5. Bd3 Nc6 6. Nge2 Bg4 7. f3 Bh5 8.
Bf4 Qd7 9. Qd2 O-O-O 10. Rd1 e6 11. Bb5 a6 12. Ba4 b5 13. Bb3 Bb4 14. a3 Ba5
15. Bg5 Ne7 16. a4 c6 17. axb5 axb5 18. Ra1 Bb4 19. O-O Kb7 20. Bxf6 gxf6 21.
Ra2 e5 22. Rfa1 Ra8 23. Rxa8 Rxa8 24. Rxa8 Kxa8 25. Qh6 Bg6 26. Ne4 Nf5 27. Qh3
exd4 28. c3 dxc3 29. bxc3 Qd3 30. Kf2 Ba5 31. Nd4 Bb6 32. Bxf7 Bxd4+ 33. cxd4
Qxd4+ 34. Ke1 Qe3+ 35. Kd1 Bxf7 36. Nd2 Bb3+ 37. Nxb3 Qxb3+ 38. Kc1 Qc3+ 39.
Kb1 Qd3+ 40. Ka1 b4 41. Qxh7 b3 42. Qg8+ Kb7 43. Kb2 Nd4 44. Qf7+ Kb6 45. Qxf6
Qd2+ 46. Ka3 Qc1+ 47. Ka4 Qa1+ 0-1

[Event "2014 WBX Team Tournament"]
[Site "Edmonton"]
[Date "2014.12.14"]
[Round "5.2"]
[White "Haynes, Nicolas"]
[Black "Arruebarrena, Rafael"]
[Result "1/2-1/2"]
[WhiteElo "2166"]
[BlackElo "2233"]
[PlyCount "108"]
[EventDate "2014.12.13"]
[EventType "team-swiss"]
[EventRounds "5"]
[EventCountry "CAN"]

1. d4 Nf6 2. Bg5 Ne4 3. Bf4 c5 4. f3 Nf6 5. d5 Qb6 6. Bc1 e6 7. e4 d6 8. c4
exd5 9. exd5 Bf5 10. Nc3 Be7 11. Nge2 O-O 12. Ng3 Bg6 13. Bd3 Nbd7 14. f4 Bxd3
15. Qxd3 Rfe8 16. O-O Bf8 17. Bd2 a6 18. Nce4 Qd8 19. Bc3 b5 20. b3 bxc4 21.
bxc4 Rb8 22. Rae1 h6 23. Re2 Nxe4 24. Nxe4 f5 25. Ng3 Rxe2 26. Qxe2 Qe8 27. Qd3
g6 28. Re1 Qf7 29. Re6 Be7 30. Qe2 Rb1+ 31. Kf2 Bf6 32. Re8+ Kg7 33. Bxf6+ Nxf6
34. Re7 Ng4+ 35. Kf3 Nxh2+ 36. Kf2 Ng4+ 37. Kf3 Ne5+ 38. Rxe5 dxe5 39. fxe5 f4
40. Ne4 g5 41. Kf2 Qb7 42. Nd6 Qb4 43. e6 Rb2 44. e7 Rxe2+ 45. Kxe2 Qb2+ 46.
Kd3 Qa3+ 47. Kc2 Qxa2+ 48. Kc1 Qa1+ 49. Kc2 Qe5 50. e8=Q Qxd6 51. Qc6 Qg6+ 52.
Kd2 Qf6 53. Qxc5 Qb2+ 54. Kd3 Qxg2 1/2-1/2

[Event "2014 WBX Team Tournament"]
[Site "Edmonton"]
[Date "2014.12.14"]
[Round "5.3"]
[White "Ivanescu, Christian"]
[Black "Hughey, Micah"]
[Result "0-1"]
[WhiteElo "1751"]
[BlackElo "2212"]
[PlyCount "42"]
[EventDate "2014.12.13"]
[EventType "team-swiss"]
[EventRounds "5"]
[EventCountry "CAN"]

1. e4 e5 2. Nf3 Nc6 3. c3 d5 4. exd5 Qxd5 5. Qb3 Nf6 6. Bc4 Qe4+ 7. Be2 Bc5 8.
d4 exd4 9. Ng5 Qe7 10. O-O O-O 11. Bd3 Bb6 12. Bd2 h6 13. Re1 Ne5 14. Bf4 Be6
15. Rxe5 hxg5 16. Bxg5 Qd6 17. Rxe6 Qxe6 18. Qd1 Rfe8 19. Na3 dxc3 20. bxc3
Rad8 21. Qd2 Ne4 0-1

[Event "2014 WBX Team Tournament"]
[Site "Edmonton"]
[Date "2014.12.14"]
[Round "5.3"]
[White "Pechenkin, Vladimir"]
[Black "Cheng, Louis"]
[Result "1-0"]
[WhiteElo "2302"]
[BlackElo "1991"]
[PlyCount "75"]
[EventDate "2014.12.13"]
[EventType "team-swiss"]
[EventRounds "5"]
[EventCountry "CAN"]

1. c4 e5 2. g3 Nc6 3. Nc3 g6 4. Bg2 Bg7 5. e4 Nd4 6. Nge2 d6 7. Nxd4 exd4 8.
Ne2 c5 9. d3 Ne7 10. O-O O-O 11. Bd2 Bd7 12. b4 b5 13. bxc5 dxc5 14. cxb5 Bxb5
15. Qb3 Rb8 16. Rfc1 Qc8 17. Nf4 Rd8 18. Qa3 Qa6 19. Qxa6 Bxa6 20. Rxc5 Bh6 21.
Rc7 Nc8 22. Bf1 Rd6 23. Bc1 Bf8 24. Nd5 Nb6 25. Rxa7 Nxd5 26. exd5 Rbd8 27. Bf4
R8d7 28. Ra8 Rd8 29. Bxd6 Rxa8 30. Bxf8 Kxf8 31. Rb1 Bc8 32. Rb4 Rxa2 33. Rxd4
Ra1 34. Kg2 Bb7 35. Be2 Ke7 36. Bf3 Kd6 37. Rh4 h5 38. Rf4 1-0

[Event "2014 WBX Team Tournament"]
[Site "Edmonton"]
[Date "2014.12.14"]
[Round "5.4"]
[White "Beaudry, Lukas"]
[Black "Gardner, Robert"]
[Result "1/2-1/2"]
[WhiteElo "2066"]
[BlackElo "2101"]
[PlyCount "128"]
[EventDate "2014.12.13"]
[EventType "team-swiss"]
[EventRounds "5"]
[EventCountry "CAN"]

1. e4 d6 2. d4 Nf6 3. Nc3 g6 4. f4 Bg7 5. Nf3 c5 6. dxc5 Qa5 7. Qd4 Nc6 8. Qc4
Nxe4 9. Qxe4 Bxc3+ 10. Kf2 Bf5 11. Qc4 Bf6 12. Be3 O-O 13. cxd6 exd6 14. Rd1
Rac8 15. Rd5 Be6 16. Rxa5 Bxc4 17. Ra4 b5 18. Ra6 Bxf1 19. Rxf1 Nb4 20. Rxd6
Rxc2+ 21. Kg3 Bxb2 22. Bxa7 Nxa2 23. Rd7 Nc3 24. Kh3 Ne2 25. g3 Rfc8 26. Bb6
R8c6 27. Rb7 Rd6 28. Ng5 f6 29. Rb8+ Kg7 30. Rb7+ Kf8 31. Rb8+ Kg7 32. Rb7+ Kf8
33. Ne4 Re6 34. Bc5+ Kg8 35. Rd1 Re8 36. Rdd7 f5 37. Nd6 Ra8 38. Nf7 Bg7 39.
Nd8 Bf6 40. Ne6 Rc3 41. Rf7 Bh8 42. Rxh7 Rc8 43. Rhd7 Rc2 44. Ba7 Re8 45. Ng5
Bf6 46. Ne6 Nc3 47. Bd4 Ne2 48. Rg7+ Bxg7 49. Rxg7+ Kh8 50. Re7+ Kg8 51. Rxe8+
Kf7 52. Rb8 Kxe6 53. Ba7 Ra2 54. Rxb5 Nxf4+ 55. gxf4 Rxa7 56. Rb6+ Kf7 57. Kh4
Ra2 58. h3 Rg2 59. Rc6 Rf2 60. Rc4 Kg7 61. Kg3 Rf1 62. Rc8 Ra1 63. Rb8 Ra3+ 64.
Kg2 Ra2+ 1/2-1/2